Baroques et clasiques: anthologies des lyriques francais de 1550 a 1650

Uloženo v:
Podrobná bibliografie
Hlavní autor: Blanchard, André (Autor)
Médium: Kniha
Jazyk:francouzština
Vydáno: Lyon Editions IAC 1947
Edice:<Les >Chefs d'Oeuvre Francais
Témata:
Tagy: Přidat tag
Žádné tagy, Buďte první, kdo vytvoří štítek k tomuto záznamu!

MARC

LEADER 00000nam a2200000 a 4500
001 UCZ1766
003 CL-VaPUC
008 950907e19470000FR |||||||||||||||||fre|d
082 0 4 |a 841  |b BLA  |2 21 
100 0 |a Blanchard, André  |e author  |9 345396 
245 1 0 |a Baroques et clasiques: anthologies des lyriques francais de 1550 a 1650 
300 |a 173 p 
942 |c BK 
945 |d 19950907 00:00:00  |a rbrito 
260 |a Lyon  |b Editions IAC  |c 1947 
650 0 |a Poesías francesas  |9 265467 
650 0 |a Barroco   |9 338027 
650 7 |a LITERATURA SIGLO 16  |2 CL-VaPUC  |9 345397 
650 7 |a LITERATURA SIGLO 17  |2 CL-VaPUC  |9 345398 
583 |a last modification  |c 20160810 05:06:06  |k Rodrigo Vera 
490 0 |a <Les >Chefs d'Oeuvre Francais 
999 |c 238469  |d 238467 
952 |0 0  |1 0  |4 0  |6 841_000000000000000_BLA_1947  |7 0  |8 A  |9 248665  |a BIBEDU  |b BIBEDU  |d 2019-11-18  |i 3117391  |o 841 BLA 1947  |p 3117391  |r 2019-11-18  |w 2019-11-18  |y BK  |k LIT